[Event "IECC KO email"]
[Site "IECC email"]
[Date "2003.01.13"]
[Round "?"]
[White "Krmpotic, Roman"]
[Black "Jordaan, Wayne"]
[Result "1-0"]
[WhiteElo "1435"]
[BlackElo "1356"]
[PlyCount "81"]
[EventDate "2003.??.??"]
[EventType "tourn (corr)"]
[EventRounds "6"]
[SourceTitle "Corr 2008"]
[Source "ChessBase"]
[SourceDate "2008.06.24"]
[SourceVersion "1"]
[SourceVersionDate "2008.06.24"]
[SourceQuality "1"]

1. e4 c5 2. Nf3 Nc6 3. Bb5 Nf6 4. Nc3 d6 5. e5 Ng4 6. exd6 exd6 7. d4 Bd7 8. 0-0 Be7 9. Nd5 0-0 10. Nxe7+ Nxe7 11. Bxd7 Qxd7 12. dxc5 Nc6 13. cxd6 Rad8 14. Bf4 Rfe8 15. Re1 a5 16. Rxe8+ Rxe8 17. Qd2 Nce5 18. Nxe5 Nxe5 19. Re1 Nc6 20. Rxe8+ Qxe8 21. d7 Qd8 22. Qd5 h6 23. a4 g5 24. Bg3 Kg7 25. Be5+ f6 26. Bc3 Nb8 27. Qxb7 Nxd7 28. Qd5 Qe8 29. h3 Nf8 30. b3 Qe2 31. Qd6 Qe6 32. Qxe6 Nxe6 33. Kf1 Kf7 34. g3 h5 35. Ke2 h4 36. gxh4 gxh4 37. Bxa5 Nf4+ 38. Kf1 Nxh3 39. Bd2 Ke6 40. f4 Kd5 41. Kg2 1-0

[Event "IECC CL5-2002.25"]
[Site "IECC email"]
[Date "2002.12.13"]
[Round "?"]
[White "Krmpotic, Roman"]
[Black "Wakeham, Marc R"]
[Result "1-0"]
[WhiteElo "1416"]
[BlackElo "1550"]
[PlyCount "71"]
[EventDate "2002.??.??"]
[EventType "tourn (corr)"]
[EventRounds "4"]
[SourceTitle "Corr 2008"]
[Source "ChessBase"]
[SourceDate "2008.06.24"]
[SourceVersion "1"]
[SourceVersionDate "2008.06.24"]
[SourceQuality "1"]

1. e4 d6 2. d4 Nf6 3. Nc3 g6 4. Be2 Bg7 5. Nf3 0-0 6. 0-0 c5 7. dxc5 dxc5 8. Qxd8 Rxd8 9. Be3 b6 10. Rfd1 Nc6 11. Rxd8+ Nxd8 12. e5 Ng4 13. Bf4 Nc6 14. Bc4 Ngxe5 15. Nxe5 Bxe5 16. Bxe5 Nxe5 17. Bd5 Rb8 18. Re1 e6 19. Rxe5 exd5 20. Re8+ Kg7 21. Nxd5 Ra8 22. Nc7 Rb8 23. c4 h5 24. f4 Kf6 25. Nd5+ Kg7 26. Ne7 b5 27. Rg8+ Kh7 28. Rxc8 Rb7 29. Nd5 bxc4 30. Rc7 Rxb2 31. Rxf7+ Kg8 32. Rxa7 Rd2 33. Nf6+ Kf8 34. Ne4 Rd4 35. Nxc5 Kg8 36. Rg7+ 1-0

[Event "IECC CL5-2002.25"]
[Site "IECC email"]
[Date "2002.12.13"]
[Round "?"]
[White "Nemeth, Laszlo"]
[Black "Krmpotic, Roman"]
[Result "0-1"]
[WhiteElo "1370"]
[BlackElo "1464"]
[PlyCount "104"]
[EventDate "2002.??.??"]
[EventType "tourn (corr)"]
[EventRounds "4"]
[SourceTitle "Corr 2008"]
[Source "ChessBase"]
[SourceDate "2008.06.24"]
[SourceVersion "1"]
[SourceVersionDate "2008.06.24"]
[SourceQuality "1"]

1. d4 d5 2. Nf3 Nf6 3. e3 Bf5 4. Bd3 Bxd3 5. Qxd3 c6 6. Nbd2 e6 7. 0-0 Na6 8. c3 Be7 9. e4 0-0 10. b4 Nc7 11. e5 Nd7 12. a4 a5 13. bxa5 c5 14. Qe3 c4 15. Ba3 Bxa3 16. Rxa3 Rxa5 17. Rfa1 Qe7 18. Nb1 Rfa8 19. Qc1 Nb6 20. Qc2 R8a7 21. h3 h6 22. Nbd2 Qe8 23. Nf1 Qa8 24. Rb1 Nd7 25. Ng3 b5 26. Nh5 Rxa4 27. Rxa4 bxa4 28. Nh4 Ra5 29. Nf3 a3 30. Ra1 a2 31. Qb2 Ra4 32. Ng3 Qa5 33. Ne2 Nb5 34. Ne1 f6 35. f4 Nb8 36. exf6 gxf6 37. Nc2 Nc6 38. g4 Kf7 39. Ne3 Ne7 40. Nc2 Ng6 41. Kh1 Nh4 42. Nb4 Nxc3 43. Nxc3 Rxb4 44. Qc2 Kg7 45. Rxa2 Qb6 46. Qf2 Rb3 47. Rc2 Qa5 48. Qe3 Qa1+ 49. Kh2 Qf1 50. Kg3 Ng6 51. Rc1 Qd3 52. Qxd3 cxd3 0-1

[Event "IECC M email"]
[Site "IECC email"]
[Date "2002.02.21"]
[Round "?"]
[White "Richard, Andy"]
[Black "Krmpotic, Roman"]
[Result "0-1"]
[WhiteElo "1039"]
[BlackElo "1270"]
[PlyCount "60"]
[EventDate "2002.??.??"]
[EventType "tourn (corr)"]
[EventRounds "6"]
[SourceTitle "Corr 2008"]
[Source "ChessBase"]
[SourceDate "2008.06.24"]
[SourceVersion "1"]
[SourceVersionDate "2008.06.24"]
[SourceQuality "1"]

1. b3 Nf6 2. Bb2 e6 3. Nf3 c5 4. c4 Nc6 5. g3 Be7 6. Bg2 0-0 7. 0-0 h6 8. d4 d5 9. cxd5 exd5 10. dxc5 Bxc5 11. Nc3 Be6 12. Rc1 Be7 13. e3 Qd7 14. Re1 Bg4 15. Ne2 g5 16. Ned4 Ne4 17. Nxc6 bxc6 18. Ne5 Nxf2 19. Kxf2 Qf5+ 20. Nf3 c5 21. Kg1 Rad8 22. Rf1 Qe6 23. Qd3 Bf5 24. Qc3 f6 25. Ba3 Rc8 26. Nd2 Bh3 27. Bxh3 Qxh3 28. Qd3 Kg7 29. e4 c4 30. bxc4 dxe4 0-1